Colloque sur les problemes que pose l'humidite dans les monuments anciens : [comptes rendu] = Conference on the Problems of Moisture in Historic Monuments : [proceedings] /

محفوظ في:

مؤلفون مشاركون: Conference on the Problems of Moisture in Historic Monuments Rome, Italy), International Centre for the Study of the Preservation and the Restoration of Cultural Property., International Council of Monuments and Sites.

التنسيق: وقائع المؤتمر كتاب

اللغة: French
English

الموضوعات:

الوسوم: إضافة وسم

لا توجد وسوم, كن أول من يضع وسما على هذه التسجيلة!

رقم الطلب: TH9031 .C67 1967

LEADER 01731namaa2200313 4500
001 11050
003 OSt
005 20210612123126.0
008 130303s1969 fr a g b 100 0 fre d
952 |0 0  |1 0  |2 lcc  |4 0  |6 TH9031 C67 01967  |7 1  |9 16067  |a ARCE  |b ARCE  |d 2021-06-12  |l 0  |o TH9031 .C67 1967  |p 1038980  |r 2021-06-12 00:00:00  |w 2021-06-12  |y BK 
999 |c 12554  |d 12554 
040 |c ARCE Library 
041 0 |a fre  |a eng 
050 0 4 |a TH9031 .C67 1967 
111 2 |a Conference on the Problems of Moisture in Historic Monuments  |d (1967 :  |c Rome, Italy), 
245 1 0 |a Colloque sur les problemes que pose l'humidite dans les monuments anciens :  |b [comptes rendu] = Conference on the Problems of Moisture in Historic Monuments : [proceedings] /  |c [organisé par la] Conseil international des monuments et des sites, et Centre international d'études pour la conservation et la restauration des biens culturels. 
246 3 1 |a Conference on the Problems of Moisture in Historic Monuments : [proceedings]  
264 1 |a Paris :  |b ICOMOS,  |c 1969. 
300 |a 332 pages :  |b illustrations ;  |c 24 cm. 
500 |a At head of title : Conseil international des monuments et des sites et Centre international d'études pour la conservation et la restauration des biens culturels. 
500 |a Title on spine : Humidité. Moisture. 
504 |a Includes bibliographical references.  
546 |a English or French. 
650 0 |a Dampness in buildings  |v Congresses. 
650 0 |a Historic buildings  |x Conservation and restoration  |v Congresses. 
710 2 |a International Centre for the Study of the Preservation and the Restoration of Cultural Property. 
710 2 |a International Council of Monuments and Sites. 
901 |a reviewed 
942 |c BK  |2 lcc